000 00306nam a22001457a 4500
008 230901b ||||| |||| 00| 0 eng d
020 _a0881910112
041 _aeng
080 _a521
082 _a521GRE
100 _a19
101 _aASTRO
245 _aFROZEN STAR
_cGREENSTEIN .G
942 _2udc
_cBK
999 _c60238
_d60238